000
00308nam a2200133Ia 4500
008
230917s9999||||xx |||||||||||||| ||und||
040
_e
139067
_a
MAIN
041
_a
English
082
_a
822.33 S15K:S
100
_a
Knight, W F Jackson
245
0
_a
Shakespeare tempest
300
_a
332p p.
942
_c
BK
999
_c
190280
_d
190280